Normal view
MARC view
Entry Personal Name
001 - CONTROL NUMBER
- control field: 575182
003 - CONTROL NUMBER IDENTIFIER
- control field: OSt
005 - DATE AND TIME OF LATEST TRANSACTION
- control field: 20221002053754.0
008 - FIXED-LENGTH DATA ELEMENTS
- fixed length control field: 221002|| aca||aabn | a|a d
040 ## - CATALOGING SOURCE
- Original cataloging agency: OSt
- Transcribing agency: OSt
100 ## - HEADING--PERSONAL NAME
- Personal name: Khosla K R, Comp
670 ## - SOURCE DATA FOUND
- Source citation: Work cat.: (OSt)923148: Khosla K R, Comp., His Imperial Majesty King George V and the princes of India the Indian empire, ed by R P Chatterjee., 1937
